000
00301cam a2200121ua 4500
082
_a
621.2
_b
JAG/HY
100
_a
Jagadish, Lal .
_9
1656
245
_a
Hydraulic Machines /
250
_a
6 /
260
_a
New Delhi :
_b
Metropolitan Book Co. Pvt Ltd ,
_c
1979.
300
_a
585 :
_b
` ; .
942
_c
BK
999
_c
1779
_d
1779